| 000 -LEADER |
| fixed length control field |
01418cam a22003377a 4500 |
| 001 - CONTROL NUMBER |
| control field |
14956331 |
| 003 - CONTROL NUMBER IDENTIFIER |
| control field |
NUST |
| 005 - DATE AND TIME OF LATEST TRANSACTION |
| control field |
20170518111739.0 |
| 008 - FIXED-LENGTH DATA ELEMENTS--GENERAL INFORMATION |
| fixed length control field |
070807s2006 ne a b 001 0 eng d |
| 010 ## - LIBRARY OF CONGRESS CONTROL NUMBER |
| LC control number |
2007278709 |
| 020 ## - INTERNATIONAL STANDARD BOOK NUMBER |
| International Standard Book Number |
0750650591 (pbk.) |
| 020 ## - INTERNATIONAL STANDARD BOOK NUMBER |
| International Standard Book Number |
9780750650595 (pbk.) |
| 035 ## - SYSTEM CONTROL NUMBER |
| System control number |
(OCoLC)ocm64208994 |
| 040 ## - CATALOGING SOURCE |
| Original cataloging agency |
SISPL |
| Transcribing agency |
SISPL |
| Modifying agency |
SISPL |
| -- |
BAKER |
| -- |
CUS |
| -- |
DAY |
| -- |
HNK |
| -- |
YDXCP |
| -- |
BTCTA |
| -- |
DLC |
| 042 ## - AUTHENTICATION CODE |
| Authentication code |
lccopycat |
| 050 00 - LIBRARY OF CONGRESS CALL NUMBER |
| Classification number |
TA681 |
| Item number |
.M355 2006 |
| 082 ## - DEWEY DECIMAL CLASSIFICATION NUMBER |
| Classification number |
624.1834094 MAR |
| 100 1# - MAIN ENTRY--PERSONAL NAME |
| Personal name |
Martin, L. H. |
| Fuller form of name |
(Laurence Harold) |
| 9 (RLIN) |
1029 |
| 245 10 - TITLE STATEMENT |
| Title |
Concrete design to EN 1992 / |
| Statement of responsibility, etc. |
L.H. Martin, J.A. Purkiss. |
| 250 ## - EDITION STATEMENT |
| Edition statement |
2nd ed. |
| 260 ## - PUBLICATION, DISTRIBUTION, ETC. |
| Place of publication, distribution, etc. |
Amsterdam ; |
| -- |
Boston : |
| Name of publisher, distributor, etc. |
Elsevier Butterworth-Heinemann, |
| Date of publication, distribution, etc. |
c2006. |
| 300 ## - PHYSICAL DESCRIPTION |
| Extent |
xv, 375 p. : |
| Other physical details |
ill. ; |
| Dimensions |
25 cm. |
| 500 ## - GENERAL NOTE |
| General note |
Earlier ed. has title: Structural design in concrete to BS 8110. |
| 504 ## - BIBLIOGRAPHY, ETC. NOTE |
| Bibliography, etc. note |
Includes bibliographical references and index. |
| 650 #0 - SUBJECT ADDED ENTRY--TOPICAL TERM |
| Topical term or geographic name entry element |
Concrete construction. |
| 9 (RLIN) |
1030 |
| 650 #0 - SUBJECT ADDED ENTRY--TOPICAL TERM |
| Topical term or geographic name entry element |
Concrete construction |
| General subdivision |
Standards |
| Geographic subdivision |
European Union countries. |
| 9 (RLIN) |
1031 |
| 700 1# - ADDED ENTRY--PERSONAL NAME |
| Personal name |
Purkiss, J. A. |
| 9 (RLIN) |
1032 |
| 740 0# - ADDED ENTRY--UNCONTROLLED RELATED/ANALYTICAL TITLE |
| Uncontrolled related/analytical title |
Structural design in concrete to BS 8110. |
| 856 42 - ELECTRONIC LOCATION AND ACCESS |
| Materials specified |
Publisher description |
| Uniform Resource Identifier |
<a href="http://www.loc.gov/catdir/enhancements/fy0742/2007278709-d.html">http://www.loc.gov/catdir/enhancements/fy0742/2007278709-d.html</a> |
| 856 41 - ELECTRONIC LOCATION AND ACCESS |
| Materials specified |
Table of contents |
| Uniform Resource Identifier |
<a href="http://www.loc.gov/catdir/toc/fy0801/2007278709.html">http://www.loc.gov/catdir/toc/fy0801/2007278709.html</a> |
| 906 ## - LOCAL DATA ELEMENT F, LDF (RLIN) |
| a |
7 |
| b |
cbc |
| c |
copycat |
| d |
2 |
| e |
ncip |
| f |
20 |
| g |
y-gencatlg |
| 942 ## - ADDED ENTRY ELEMENTS (KOHA) |
| Source of classification or shelving scheme |
|
| Koha item type |
Book |